00858nam a2200193Ia 4500008004100000020001700041040001400058082001800072100004200090245007500132260005000207300001300257365002800270366000800298505002000306620018800326630007500514730007500589100315s9999 xx 000 0 und d a071399908X  cENGLISH  b5389 a330  a"Levitt, Steven D., Dubner, Stephen " aFreakonomics : A Rogue Economist Explores the Hidden Side & Everything aLondon bAllenhane Penguin Groups  c2005  a242p.   eRupees d1 b505.00  f0  gTushar Jadhav  a"The Hidden Side of Everything, What Do Schoolteachers & Sumo Wrestlers have in Common, Why Do Drug Dealers Still Live With Their Moms? Perfect Parenting, What makes perfect parent " aFreakonomics : A Rogue Economist Explores the Hidden Side & Everything aFreakonomics : A Rogue Economist Explores the Hidden Side & Everything